| 000 | 00640nam a2200205 a 4500 | ||
|---|---|---|---|
| 005 | 20140412111307.0 | ||
| 008 | 000818s19uu xx 00 eng d | ||
| 020 | _a0-916291-48-0 | ||
| 050 |
_aTR(PS E _bFi52 1991 |
||
| 100 | _aBush, John | ||
| 245 |
_aFish who could wish (The) / _cJohn Bush & Korky Paul. |
||
| 250 | _a1st American Ed. | ||
| 260 |
_aBrooklyn, New York : _bKane/Miller Book Publishers, _c1991. |
||
| 300 | _a1 v. (unp.) ; ill. | ||
| 520 | _aA fish's wishes come true until the day he makes a foolish wish. | ||
| 650 | _aFishes-Fiction | ||
| 650 | _aWishes-Fiction | ||
| 650 | _aStories in rhyme | ||
| 999 |
_c103736 _d103736 |
||